[Event "DVM U12 2012"]
[Site "Verden/Aller GER"]
[Date "2012.12.28"]
[Round "4"]
[White "Dittrich, Tom"]
[Black "Eurich, Alexander"]
[Result "1/2-1/2"]
[Termination "normal"]
[Board "8.1"]
[WhiteElo "1635"]
[BlackElo "1120"]
[WhiteTeam "SG Blau-Weiß Stadtilm"]
[BlackTeam "SF Biberach"]
[WhiteFideId "12923532"]
[BlackFideId "12953121"]
[EventCountry "GER"]
[EventRounds "7"]
[EventType "team-swiss"]
[EventDate "2012.12.26"]

1. e4 e5 2. Nf3 Nc6 3. Bc4 Bc5 4. c3 d6 5. d3 Nf6 6. Bb3 O-O 7. Bg5 Bg4 8. Nbd2
h6 9. Bh4 Na5 10. Bc2 Bb6 11. Nf1 c5 12. Ne3 Be6 13. O-O Rc8 14. c4 Qe7 15. Nd2
Nc6 16. Nb3 a6 17. Qd2 Nd4 18. Bd1 Nxb3 19. Bxb3 Nxe4 20. dxe4 Qxh4 21. Qxd6
Bc7 22. Qd3 Rfd8 23. Qc2 Ba5 24. Rad1 Rd4 25. f3 Qg5 26. Nd5 b5 27. Qe2 b4 28.
Qf2 Kh8 29. Bc2 Bd8 30. b3 a5 31. f4 exf4 32. Qxf4 Rxd1 33. Bxd1 Qxf4 34. Rxf4
Bg5 35. Rf1 g6 36. Bc2 Kg7 37. Kf2 Bf6 38. Ke2 Be5 39. g3 Bh3 40. Re1 Bd4 41.
Kd3 Re8 42. Kd2 1/2-1/2

[Event "DVM U12 2012"]
[Site "Verden/Aller GER"]
[Date "2012.12.28"]
[Round "4"]
[White "Fischer, Patrick"]
[Black "Schramm, Moritz"]
[Result "0-1"]
[Termination "normal"]
[Board "8.2"]
[WhiteElo "1278"]
[BlackElo "1441"]
[WhiteTeam "SF Biberach"]
[BlackTeam "SG Blau-Weiß Stadtilm"]
[WhiteFideId "12953075"]
[BlackFideId "12923508"]
[EventCountry "GER"]
[EventRounds "7"]
[EventType "team-swiss"]
[EventDate "2012.12.26"]

1. e4 c5 2. c3 Nf6 3. e5 Nd5 4. d4 cxd4 5. cxd4 e6 6. Nf3 Qc7 7. Nc3 Nxc3 8.
bxc3 Qxc3+ 9. Bd2 Qc7 10. Be2 b6 11. O-O Bb7 12. Rc1 Qd8 13. Qe1 a6 14. Bd3
Bxf3 15. gxf3 Nc6 16. Be4 Rc8 17. d5 Nxe5 18. Rxc8 Qxc8 19. Kg2 Ng6 20. dxe6
fxe6 21. Qb1 Nh4+ 22. Kh3 Qd8 23. Rg1 h6 24. Rg4 Nf5 25. Bxf5 exf5 26. Qxf5 Qf6
27. Qe4+ Qe6 28. Qa8+ Kf7 29. Kg3 Bd6+ 30. Kg2 Rxa8 31. a3 Bxa3 32. Rf4+ Kg8
33. Be3 b5 34. Rg4 Qxg4+ 35. fxg4 b4 36. g5 hxg5 37. Bxg5 b3 38. h4 b2 39. h5
b1=Q 40. h6 Qg6 41. hxg7 Qxg5+ 42. Kf1 Bc5 43. f4 Qg3 44. f5 Qf2# 0-1

[Event "DVM U12 2012"]
[Site "Verden/Aller GER"]
[Date "2012.12.28"]
[Round "4"]
[White "Adler, Jakob"]
[Black "Triantafillidis, Simeon"]
[Result "1-0"]
[Termination "normal"]
[Board "8.3"]
[WhiteElo "1176"]
[BlackElo "1382"]
[WhiteTeam "SG Blau-Weiß Stadtilm"]
[BlackTeam "SF Biberach"]
[BlackFideId "12953113"]
[EventCountry "GER"]
[EventRounds "7"]
[EventType "team-swiss"]
[EventDate "2012.12.26"]

1. d4 d5 2. e3 Nf6 3. f4 Bf5 4. Bd3 e6 5. Nf3 Nc6 6. O-O Be7 7. Bxf5 exf5 8.
Nbd2 O-O 9. Ne5 Nxe5 10. fxe5 Ne4 11. Rxf5 Qd7 12. Rf3 Bg5 13. c3 Qc6 14. Qc2
b5 15. Nxe4 dxe4 16. Rf2 h6 17. b3 Rfe8 18. Bd2 b4 19. c4 Rab8 20. Raf1 Rf8 21.
d5 Qg6 22. Rf5 Qa6 23. Bc1 g6 24. R5f2 Qb6 25. Qxe4 a5 26. e6 fxe6 27. Qxg6+
Kh8 28. Rxf8+ Rxf8 29. Rxf8# 1-0

[Event "DVM U12 2012"]
[Site "Verden/Aller GER"]
[Date "2012.12.28"]
[Round "4"]
[White "Melzig, Leon"]
[Black "Bock, Alexander"]
[Result "0-1"]
[Termination "normal"]
[Board "8.4"]
[WhiteElo "1072"]
[BlackElo "1012"]
[WhiteTeam "SF Biberach"]
[BlackTeam "SG Blau-Weiß Stadtilm"]
[WhiteFideId "12953148"]
[EventCountry "GER"]
[EventRounds "7"]
[EventType "team-swiss"]
[EventDate "2012.12.26"]

1. e4 c5 2. c3 Nf6 3. e5 Nd5 4. d4 cxd4 5. cxd4 e6 6. Nf3 b6 7. Nc3 Nxc3 8.
bxc3 Qc7 9. Qc2 Bb7 10. Bd3 d5 11. Bxh7 Rxh7 12. O-O Rh8 13. Bd2 Nc6 14. Rfc1
Na5 15. Rab1 Nc4 16. Rb3 Bc6 17. Qd3 Ba4 18. Rbb1 Ba3 19. Re1 O-O-O 20. h3 Kb8
21. Ng5 a5 22. Kh2 Ka7 23. Re2 Rc8 24. Qf3 Nxd2 25. Rxd2 Qxc3 26. Nxf7 Qxf3 27.
gxf3 Rhf8 28. Ng5 Rf5 29. Nxe6 Rxf3 30. Nxg7 Rcf8 31. Ne6 Rxf2+ 32. Rxf2 Rxf2+
33. Kg1 Rd2 34. h4 Bd7 35. Nf4 Rxd4 36. Rf1 Bc5 37. h5 Rxf4+ 38. Kg2 Bh3+ 39.
Kxh3 Rxf1 40. Kg4 Kb7 41. h6 Rh1 42. Kg5 Be3+ 43. Kf5 Rxh6 44. e6 Bc5 45. Ke5
d4 46. Kd5 d3 0-1

[Event "DVM U12 2012"]
[Site "Verden/Aller GER"]
[Date "2012.12.28"]
[Round "4"]
[White "Zimmer, Luca"]
[Black "Poetsch, Leonore"]
[Result "1/2-1/2"]
[Termination "normal"]
[Board "9.1"]
[WhiteElo "1124"]
[BlackElo "1385"]
[WhiteTeam "Turm Wadern"]
[BlackTeam "Sfr. Schöneck"]
[WhiteFideId "12921424"]
[BlackFideId "12940372"]
[EventCountry "GER"]
[EventRounds "7"]
[EventType "team-swiss"]
[EventDate "2012.12.26"]

1. e4 e6 2. d4 d5 3. e5 c5 4. Qg4 cxd4 5. Nf3 Nc6 6. Bd3 Nge7 7. O-O Ng6 8. Re1
Bc5 9. Qg3 O-O 10. h4 Bb4 11. Re2 f5 12. Bg5 Qc7 13. Bf4 Nxf4 14. Qxf4 Qb6 15.
h5 Be7 16. Nbd2 Bd7 17. Nb3 Rac8 18. Qg3 a6 19. h6 Rf7 20. Qf4 Kh8 21. Nfxd4
Nxd4 22. hxg7+ Rxg7 23. Qxd4 Qxd4 24. Nxd4 Rcg8 25. f3 Bc5 26. c3 Rc8 1/2-1/2

[Event "DVM U12 2012"]
[Site "Verden/Aller GER"]
[Date "2012.12.28"]
[Round "4"]
[White "Herbert, Fabian"]
[Black "Schumacher, Aaron"]
[Result "1-0"]
[Termination "normal"]
[Board "9.2"]
[WhiteElo "1092"]
[BlackElo "1123"]
[WhiteTeam "Sfr. Schöneck"]
[BlackTeam "Turm Wadern"]
[WhiteFideId "12940402"]
[BlackFideId "12952184"]
[EventCountry "GER"]
[EventRounds "7"]
[EventType "team-swiss"]
[EventDate "2012.12.26"]

1. e4 c5 2. Nc3 Nc6 3. Bc4 e5 4. Nf3 Nf6 5. d3 Be7 6. O-O d6 7. Bd2 Be6 8. Bb3
d5 9. exd5 Nxd5 10. Re1 Bg4 11. Nxd5 Nd4 12. Rxe5 Nc6 13. Re1 Be6 14. Nc3 O-O
15. Bxe6 fxe6 16. Rxe6 Qd7 17. Re1 Rae8 18. Bg5 Bxg5 19. Nxg5 Qf5 20. Nf3 Nd4
21. Rxe8 Rxe8 22. Nxd4 cxd4 23. Ne4 Re6 24. Qf3 Qe5 25. h3 Qb5 26. b3 Rc6 27.
Qe2 Rg6 28. Ng3 h6 29. Re1 Rf6 30. Qe8+ Qxe8 31. Rxe8+ Kf7 32. Re4 Re6 33. Ne2
Ra6 34. a4 Rc6 35. Nxd4 Rc8 36. Re2 Rd8 37. Nf3 a6 38. Ne5+ Kf6 39. Nc4 b5 40.
axb5 axb5 41. Na3 b4 42. Nb1 Ra8 43. Kf1 Ra1 44. Re1 Ra2 45. c3 Rb2 46. cxb4
Rxb3 47. Rd1 Rxb4 48. Ke2 Ke5 49. Ke3 Rd4 50. Nd2 Rb4 51. Nf3+ Kd5 52. d4 g5
53. h4 Rb3+ 54. Rd3 Rb7 55. hxg5 hxg5 56. Nxg5 Rg7 57. Kf4 Rg6 58. Kf5 Rh6 59.
f4 Rh2 60. g4 Rh4 61. Nf7 Kc4 62. Rd1 Rh7 63. Ne5+ Kd5 64. Kg6 Re7 65. f5 Ra7
66. f6 Ra6 67. Kg7 1-0

[Event "DVM U12 2012"]
[Site "Verden/Aller GER"]
[Date "2012.12.28"]
[Round "4"]
[White "Schumacher, Simon"]
[Black "Timpel, Kaan"]
[Result "1-0"]
[Termination "normal"]
[Board "9.3"]
[WhiteElo "1142"]
[BlackElo "939"]
[WhiteTeam "Turm Wadern"]
[BlackTeam "Sfr. Schöneck"]
[WhiteFideId "12957518"]
[BlackFideId "12983683"]
[EventCountry "GER"]
[EventRounds "7"]
[EventType "team-swiss"]
[EventDate "2012.12.26"]

1. e4 e5 2. Nf3 Nc6 3. d4 d6 4. dxe5 dxe5 5. Qxd8+ Kxd8 6. Bb5 Nb4 7. Ba4 b5 8.
Bb3 Be6 9. Kd1 Bc5 10. Bxe6 fxe6 11. Nxe5 Ke7 12. Bg5+ Nf6 13. c3 Bd6 14. cxb4
Bxe5 15. Nc3 Rhd8+ 16. Kc2 Bxc3 17. bxc3 h6 18. Bh4 g5 19. Bg3 Nxe4 20. Bxc7
Rdc8 21. Be5 Nxf2 22. Rhf1 Ng4 23. Rae1 Nxe5 24. Rxe5 Rf8 25. Rfe1 Rf2+ 26. Kb3
Rf6 27. Rxb5 Kd6 28. Rd1+ Ke7 29. Rb7+ Ke8 30. Rh7 e5 31. Re1 Rf5 32. Rh8+ Rf8
33. Rxe5+ Kf7 34. Rxh6 Kg7 35. Rh5 g4 36. Rhg5+ Kf6 37. Ref5+ Ke7 38. Rg7+ Ke6
39. Rfg5 Rh8 40. Rxg4 Rxh2 41. a4 Rd8 42. Rxa7 Rh1 43. Ra6+ Kf5 44. Rgg6 Rb1+
45. Kc4 Rc8+ 46. Rgc6 Re8 47. Kb5 Rb8+ 48. Rab6 Re8 49. a5 Ra1 50. a6 Ke5 51.
Rc7 Ra8 52. Rcc6 Ra7 53. Kc5 Re1 54. c4 Re3 55. Rb7 Ra8 56. Rb5 Ra3 57. Ra5
Rxa5+ 58. bxa5 Ra7 59. Kb6 Ra8 60. Kb7 Rg8 61. a7 Rg7+ 62. Rc7 Rxg2 63. a8=Q
1-0

[Event "DVM U12 2012"]
[Site "Verden/Aller GER"]
[Date "2012.12.28"]
[Round "4"]
[White "Schnabel, Bennett"]
[Black "Bergauz, Noam"]
[Result "0-1"]
[Termination "normal"]
[Board "10.1"]
[WhiteElo "1708"]
[BlackElo "1888"]
[WhiteTeam "SG Grün-Weiß Baumschulenweg"]
[BlackTeam "SK München Südost"]
[WhiteFideId "12943290"]
[BlackFideId "12938033"]
[EventCountry "GER"]
[EventRounds "7"]
[EventType "team-swiss"]
[EventDate "2012.12.26"]

1. d4 Nf6 2. Nd2 g6 3. e4 d6 4. Ngf3 Bg7 5. Bd3 O-O 6. O-O Nbd7 7. c3 c5 8. Re1
Nh5 9. h3 Nf4 10. Bc2 Ne6 11. Nf1 b6 12. d5 Nc7 13. Bf4 Ba6 14. Ne3 b5 15. Rb1
Rb8 16. Qd2 b4 17. c4 Bc8 18. Nd1 f6 19. Bh6 Ne5 20. Nxe5 fxe5 21. Bxg7 Kxg7
22. Ne3 Rf4 23. f3 Qf8 24. Rf1 Bd7 25. Rf2 h5 26. Kf1 Rf7 27. Ke2 Rb6 28. b3 a5
29. Rff1 Qa8 30. Ra1 a4 31. Rfe1 Rb8 32. Qd1 a3 33. Rf1 Rh8 34. Qd2 Qg8 35. Bd1
Kf8 36. Kd3 Ke8 37. Kc2 g5 38. Be2 Kd8 39. Rg1 Ne8 40. Raf1 Nf6 41. Qd1 Qh7 42.
Kd2 Qg8 43. Kc2 Qf8 44. Kd2 g4 45. fxg4 Nxe4+ 46. Kc2 Nc3 47. Qe1 Nxa2 48. Rxf7
Qxf7 49. gxh5 Qh7+ 50. Kd2 Nc3 51. g4 a2 52. Qa1 Qe4 53. g5 Qd4+ 54. Kc2 Qxe3
0-1

[Event "DVM U12 2012"]
[Site "Verden/Aller GER"]
[Date "2012.12.28"]
[Round "4"]
[White "Huber, Benedikt"]
[Black "Hesse, Henrik"]
[Result "0-1"]
[Termination "normal"]
[Board "10.2"]
[WhiteElo "1445"]
[BlackElo "1511"]
[WhiteTeam "SK München Südost"]
[BlackTeam "SG Grün-Weiß Baumschulenweg"]
[WhiteFideId "12923583"]
[BlackFideId "12952060"]
[EventCountry "GER"]
[EventRounds "7"]
[EventType "team-swiss"]
[EventDate "2012.12.26"]

1. d4 Nf6 2. c4 g6 3. Nc3 Bg7 4. e4 d6 5. f3 O-O 6. Be3 Nbd7 7. Qd2 c5 8. d5 a6
9. Bd3 Ne5 10. a4 Bd7 11. Nge2 Qc7 12. h4 Rfe8 13. Bh6 Nxd3+ 14. Qxd3 Bxh6 15.
g4 Bg7 16. h5 Qa5 17. Ng3 Rf8 18. g5 Ne8 19. Qc2 b5 20. f4 Bxc3+ 21. bxc3 b4
22. hxg6 fxg6 23. Qh2 Rf7 24. f5 bxc3 25. fxg6 c2+ 26. Ke2 Bg4+ 0-1

[Event "DVM U12 2012"]
[Site "Verden/Aller GER"]
[Date "2012.12.28"]
[Round "4"]
[White "Voigt, Tobias"]
[Black "Hüls, Maximilian"]
[Result "1-0"]
[Termination "normal"]
[Board "10.4"]
[WhiteElo "963"]
[BlackElo "1482"]
[WhiteTeam "SK München Südost"]
[BlackTeam "SG Grün-Weiß Baumschulenweg"]
[WhiteFideId "12977314"]
[BlackFideId "12949698"]
[EventCountry "GER"]
[EventRounds "7"]
[EventType "team-swiss"]
[EventDate "2012.12.26"]

1. e4 c5 2. c4 e5 3. Nc3 Nf6 4. g3 Nc6 5. Bg2 d6 6. d3 Nd4 7. Nge2 Be7 8. O-O
O-O 9. Nxd4 cxd4 10. Ne2 Ng4 11. f3 Ne3 12. Bxe3 dxe3 13. Qc1 Qb6 14. f4 Bg4
15. Nc3 e2+ 16. Rf2 exf4 17. Nd5 Qd8 18. Rxf4 Bg5 19. Qd2 Bxf4 20. Qxf4 Qa5 21.
b4 Qxa2 22. Re1 Bd7 23. Bf3 Qb2 24. Rxe2 Bh3 25. Rxb2 1-0

[Event "DVM U12 2012"]
[Site "Verden/Aller GER"]
[Date "2012.12.29"]
[Round "5"]
[White "Kololli, Kevin"]
[Black "Dürr, Florian"]
[Result "1/2-1/2"]
[Termination "normal"]
[Board "1.1"]
[WhiteElo "1827"]
[BlackElo "1880"]
[WhiteTeam "Lübecker SV von 1873"]
[BlackTeam "SC Erlangen 48/88"]
[WhiteFideId "12936863"]
[BlackFideId "24659134"]
[EventCountry "GER"]
[EventRounds "7"]
[EventType "team-swiss"]
[EventDate "2012.12.26"]

1. f4 Nf6 2. Nf3 g6 3. g3 Bg7 4. Bg2 c5 5. d3 d5 6. O-O O-O 7. Qe1 Nc6 8. e4 e6
9. h3 b5 10. g4 Re8 11. a4 b4 12. Nbd2 Ba6 13. Kh1 dxe4 14. Nxe4 Nxe4 15. Qxe4
Rc8 16. Ne5 Bb7 17. Qe3 Qc7 18. Nc4 Nd4 19. Qf2 Rcd8 20. Be3 b3 21. c3 Nc2 22.
Rad1 Bxg2+ 23. Kxg2 Rd5 24. Qf3 Red8 25. Bf2 Qd7 26. a5 Qa4 27. Bh4 R8d7 28.
Qe4 Qc6 29. Kh2 Qc7 30. Kh1 Qc6 31. Kh2 Qc7 32. Kh1 Qc6 33. Kh2 Qc7 34. Kh1 Qc6
35. Kh2 1/2-1/2

[Event "DVM U12 2012"]
[Site "Verden/Aller GER"]
[Date "2012.12.29"]
[Round "5"]
[White "Tong, Kevin"]
[Black "Kololli, Martin"]
[Result "0-1"]
[Termination "normal"]
[Board "1.2"]
[WhiteElo "1637"]
[BlackElo "1816"]
[WhiteTeam "SC Erlangen 48/88"]
[BlackTeam "Lübecker SV von 1873"]
[WhiteFideId "12913944"]
[BlackFideId "12936910"]
[EventCountry "GER"]
[EventRounds "7"]
[EventType "team-swiss"]
[EventDate "2012.12.26"]

1. e4 e5 2. Nf3 Nf6 3. Nxe5 d6 4. Nf3 Nxe4 5. Nc3 Nf6 6. d4 d5 7. Bd3 Bg4 8.
O-O Be7 9. Bf4 O-O 10. Re1 Nc6 11. Be2 Bb4 12. Bg5 Bxc3 13. bxc3 Qd6 14. Bxf6
Qxf6 15. Qd2 Rfe8 16. Rab1 b6 17. h3 Bh5 18. Nh2 Rxe2 19. Rxe2 Bxe2 20. Qxe2
Qe7 21. Re1 Re8 22. Kf1 Kf8 23. Nf3 f6 24. Nh4 g6 25. g3 Na5 26. Ng2 Qxe2+ 27.
Rxe2 Nc4 28. Rxe8+ Kxe8 29. Ke2 Kd7 30. Nf4 c6 31. Nd3 Kc7 32. Kd1 a5 33. Ke2
Kd7 34. Ke1 Na3 35. Nb2 Nxc2+ 36. Kd2 Na3 37. Ke2 Kc7 38. Kd3 Kd6 39. Ke2 c5
40. Kd3 Kc6 41. Ke2 Kb5 42. Kd3 Kc6 43. Ke2 cxd4 44. cxd4 Nc2 45. Kd3 Nb4+ 46.
Kd2 Nxa2 47. Kc2 Nb4+ 48. Kd2 Kb5 49. Kc1 Nc6 50. Nd3 Nxd4 51. Kb2 Kc4 52. Nf4
b5 53. h4 b4 54. Ng2 a4 55. Ne3+ Kd3 56. Nxd5 a3+ 57. Ka2 Nc2 58. Nxf6 Kc4 0-1

[Event "DVM U12 2012"]
[Site "Verden/Aller GER"]
[Date "2012.12.29"]
[Round "5"]
[White "Tschammer, Kai"]
[Black "Tiedemann, Fin Niklas"]
[Result "0-1"]
[Termination "normal"]
[Board "1.4"]
[WhiteElo "1605"]
[BlackElo "1471"]
[WhiteTeam "SC Erlangen 48/88"]
[BlackTeam "Lübecker SV von 1873"]
[WhiteFideId "12939099"]
[BlackFideId "12936936"]
[EventCountry "GER"]
[EventRounds "7"]
[EventType "team-swiss"]
[EventDate "2012.12.26"]

1. e4 e5 2. Nf3 Nc6 3. Bc4 Nf6 4. d4 Nxe4 5. dxe5 Nc5 6. O-O Be7 7. Nc3 Ne6 8.
Ne4 b6 9. Ng3 Bb7 10. Nf5 Rg8 11. Bd5 Ng5 12. Nxe7 Nxf3+ 13. Qxf3 Qxe7 14. Bg5
Qf8 15. b4 a6 16. c4 b5 17. a4 bxc4 18. b5 Nd4 19. Qe4 c6 20. Qxd4 cxd5 21. Qb6
f6 22. Qxb7 Kf7 23. Qxd7+ Kg6 24. Be3 h6 25. Qxd5 Qc8 26. exf6 gxf6 27. Qe4+
Kf7 28. Qd5+ Kg7 29. Rac1 axb5 30. axb5 Kh7 31. Qf7+ Rg7 32. Qxf6 Qg4 33. Qxh6+
Kg8 34. Qh3 Qxh3 35. g3 Rh7 36. Rfd1 Qxh2+ 37. Kf1 Qh1+ 38. Ke2 Ra2+ 39. Rd2
Rxd2+ 40. Bxd2 Qe4+ 41. Be3 Qd3+ 42. Kf3 Rf7+ 43. Kg2 Qe4+ 44. Kf1 Qxe3 0-1

[Event "DVM U12 2012"]
[Site "Verden/Aller GER"]
[Date "2012.12.29"]
[Round "5"]
[White "Balazs, Balint"]
[Black "Baberz, Alexander"]
[Result "1-0"]
[Termination "normal"]
[Board "2.1"]
[WhiteElo "1832"]
[BlackElo "1807"]
[WhiteTeam "Hagener SV"]
[BlackTeam "Hamburger SK von 1830"]
[WhiteFideId "12922757"]
[BlackFideId "12921734"]
[EventCountry "GER"]
[EventRounds "7"]
[EventType "team-swiss"]
[EventDate "2012.12.26"]

1. e4 c5 2. Nf3 d6 3. d4 cxd4 4. Nxd4 Nf6 5. Nc3 a6 6. Bg5 Nbd7 7. f3 Qc7 8.
Qd2 e6 9. g4 Nb6 10. O-O-O h6 11. Be3 d5 12. e5 Nfd7 13. f4 Bb4 14. a3 Bxc3 15.
Qxc3 Qxc3 16. bxc3 Nc4 17. Bxc4 dxc4 18. a4 b6 19. Nc6 Bb7 20. Rd6 Rc8 21. Na7
Rc7 22. Rhd1 Ke7 23. a5 bxa5 24. h3 f6 25. exf6+ gxf6 26. f5 exf5 27. gxf5 Rg8
28. Re6+ Kf7 29. Bf4 Ne5 30. Rdd6 Nd7 31. Rxa6 Bxa6 32. Bxc7 Bb7 33. Nb5 Nc5
34. Nd6+ Kg7 35. Re7+ Kh8 36. Nf7+ Kg7 37. Nxh6+ Kxh6 38. Bf4+ Rg5 39. h4 Be4
40. hxg5+ fxg5 41. Be3 Bxf5 42. Bxc5 g4 43. Ra7 Kg6 44. Rxa5 Be6 45. Ra6 Kf5
46. Rxe6 Kxe6 47. Kd2 Kd5 48. Bg1 Ke4 49. Ke2 Kf4 50. Bh2+ Kg5 51. Bg3 Kf5 52.
Ke3 1-0

[Event "DVM U12 2012"]
[Site "Verden/Aller GER"]
[Date "2012.12.29"]
[Round "5"]
[White "Rogozenco, Teodora"]
[Black "Hoppe, Andreas"]
[Result "1-0"]
[Termination "normal"]
[Board "2.2"]
[WhiteElo "1719"]
[BlackElo "1751"]
[WhiteTeam "Hamburger SK von 1830"]
[BlackTeam "Hagener SV"]
[WhiteFideId "12938084"]
[BlackFideId "12922811"]
[EventCountry "GER"]
[EventRounds "7"]
[EventType "team-swiss"]
[EventDate "2012.12.26"]

1. d4 d5 2. c4 e6 3. Nc3 c6 4. Nf3 Be7 5. cxd5 exd5 6. Bf4 Nf6 7. Qc2 Bd6 8.
Bg5 O-O 9. e3 Bg4 10. Ne5 Bh5 11. Bd3 Bg6 12. f4 Bxd3 13. Qxd3 Be7 14. Bxf6
Bxf6 15. O-O Bxe5 16. fxe5 Nd7 17. Rf3 Qe7 18. Rh3 h6 19. Qf5 Qe6 20. Qxe6 fxe6
21. Rf1 Rxf1+ 22. Kxf1 Rf8+ 23. Ke2 a6 24. a4 b6 25. Rf3 c5 26. Kd3 c4+ 27. Kc2
Nb8 28. b4 Nc6 29. Na2 b5 30. a5 Rxf3 31. gxf3 Kf7 32. Kc3 Kg6 33. Nc1 Kg5 34.
Ne2 Kf5 35. h4 Ne7 36. h5 g6 37. Nf4 g5 38. Ne2 g4 39. fxg4+ Kxg4 40. Nf4 Kf5
41. Kd2 Nc6 42. Kc3 Nd8 43. Ng6 Kg5 44. Nf4 Kg4 45. Kc2 Kf3 46. Kd2 c3+ 47.
Kxc3 Kxe3 48. Nd3 Nc6 49. Nc5 Nxd4 50. Nxa6 Nc6 51. Nc7 d4+ 52. Kb3 d3 53. Nxb5
d2 54. Nc3 Nd4+ 55. Kc4 Nc6 56. Kb3 Kd3 57. Nd1 Nd4+ 58. Ka4 Nf5 59. Kb3 Nd4+
60. Ka4 Ne2 61. Kb3 Nc1+ 62. Kb2 Kc4 63. a6 Nd3+ 64. Ka3 Nxe5 65. a7 Nc6 66.
a8=Q Nxb4 67. Qe4+ 1-0

[Event "DVM U12 2012"]
[Site "Verden/Aller GER"]
[Date "2012.12.29"]
[Round "5"]
[White "Laubrock, Paul"]
[Black "Engel, Luis"]
[Result "0-1"]
[Termination "normal"]
[Board "2.3"]
[WhiteElo "1648"]
[BlackElo "1732"]
[WhiteTeam "Hagener SV"]
[BlackTeam "Hamburger SK von 1830"]
[WhiteFideId "1270509"]
[BlackFideId "12961523"]
[EventCountry "GER"]
[EventRounds "7"]
[EventType "team-swiss"]
[EventDate "2012.12.26"]

1. e4 c5 2. Nf3 d6 3. d4 cxd4 4. Nxd4 Nf6 5. Nc3 a6 6. Bg5 Nbd7 7. Qd2 Qc7 8.
f3 e6 9. O-O-O Be7 10. g4 Nb6 11. h4 h6 12. Be3 d5 13. e5 Nfd7 14. f4 Bb4 15.
Rh2 Na4 16. Nde2 Nxc3 17. Nxc3 Nb6 18. Bd4 Na4 19. Rh3 Bd7 20. a3 Nxc3 21. Bxc3
Bc5 22. Bd4 b6 23. Rc3 Qa7 24. Bg2 Bxd4 25. Qxd4 Qb7 26. f5 Rc8 27. Rxc8+ Bxc8
28. fxe6 fxe6 29. Rf1 Rf8 30. Qd3 Rxf1+ 31. Bxf1 b5 32. Qg6+ Qf7 33. Qxf7+ Kxf7
34. b3 Bb7 35. Kd2 Ke7 36. Ke3 Kd7 37. Kd4 Kc6 38. c4 bxc4 39. bxc4 dxc4 40.
Kxc4 Kb6 41. Kb4 a5+ 42. Kc3 Kc5 43. Bc4 Bd5 44. Be2 g5 45. h5 Ba2 46. Bf3 Bc4
47. a4 Bd5 48. Be2 Bc6 49. Bd1 Be4 50. Bb3 Bc6 51. Bxe6 Bxa4 52. Ba2 Bd7 53. e6
Bc6 54. Bc4 Kd6 55. Kd4 Bf3 56. Kc3 Bxg4 57. Kb2 Bxh5 58. Ka3 Bg4 59. Ka4 Bxe6
60. Bf1 Bd5 61. Be2 Ke5 62. Kxa5 Kf4 63. Kb5 Bf3 64. Bf1 g4 65. Kc4 g3 66. Kd3
g2 67. Bxg2 Bxg2 68. Ke2 Kg3 0-1

[Event "DVM U12 2012"]
[Site "Verden/Aller GER"]
[Date "2012.12.29"]
[Round "5"]
[White "Pajeken, Jakob Leon"]
[Black "Pitzer, Alexander"]
[Result "1-0"]
[Termination "normal"]
[Board "2.4"]
[WhiteElo "1475"]
[BlackElo "1499"]
[WhiteTeam "Hamburger SK von 1830"]
[BlackTeam "Hagener SV"]
[WhiteFideId "12942839"]
[BlackFideId "12922838"]
[EventCountry "GER"]
[EventRounds "7"]
[EventType "team-swiss"]
[EventDate "2012.12.26"]

1. d4 e6 2. Nf3 c5 3. e3 Nc6 4. b3 d5 5. Bb2 Bd6 6. dxc5 Bf8 7. Nbd2 f6 8. Be2
Bxc5 9. O-O e5 10. c4 Nge7 11. cxd5 Nxd5 12. Ne4 Bb6 13. Ba3 Bc7 14. Qd2 Nde7
15. Rfd1 Qxd2 16. Rxd2 O-O 17. Bb5 Re8 18. Nd6 Rd8 19. Nxc8 Raxc8 20. Bc4+ Kh8
21. Rad1 Ng6 22. Kf1 Ba5 23. Rd7 Rxd7 24. Rxd7 Rd8 25. Rxb7 Rd1+ 26. Ke2 Ra1
27. b4 Bb6 28. b5 Nd8 29. Rb8 e4 30. Nd2 h6 31. Bb2 Rh1 32. Nf1 Nh4 33. Bd5 f5
34. Bxg7+ Kh7 35. Bf6 Kg6 36. Bxh4 Bc7 1-0

[Event "DVM U12 2012"]
[Site "Verden/Aller GER"]
[Date "2012.12.29"]
[Round "5"]
[White "Savchenko, Daniel"]
[Black "Schnabel, Bennett"]
[Result "1-0"]
[Termination "normal"]
[Board "3.1"]
[WhiteElo "1650"]
[BlackElo "1708"]
[WhiteTeam "Schachfreunde Gerresheim 86"]
[BlackTeam "SG Grün-Weiß Baumschulenweg"]
[WhiteFideId "12919195"]
[BlackFideId "12943290"]
[EventCountry "GER"]
[EventRounds "7"]
[EventType "team-swiss"]
[EventDate "2012.12.26"]

1. e4 c5 2. Nf3 Nc6 3. d4 cxd4 4. Nxd4 g6 5. Nc3 Bg7 6. Be3 Nf6 7. f3 O-O 8.
Qd2 a6 9. O-O-O Nxd4 10. Bxd4 b5 11. a3 Qa5 12. g4 Rb8 13. h4 b4 14. Na2 Qa4
15. Nxb4 a5 16. Na2 d6 17. Nc3 Qc6 18. h5 Qb7 19. Nb5 Bd7 20. a4 Bxg4 21. fxg4
Qxe4 22. Bd3 Qxg4 23. hxg6 fxg6 24. Rdg1 Qf3 25. Rf1 Qg4 26. Re1 Qf3 27. Rhf1
Qb7 28. Bc3 Ng4 29. Bc4+ Kh8 30. Bd5 Qb6 31. Bxg7+ Kxg7 32. Rxe7+ Kh8 33. Rxf8+
Rxf8 34. Qd4+ Qxd4 35. Nxd4 h5 36. Ne6 Rf1+ 37. Kd2 h4 38. Ng5 Rf2+ 39. Kc3 Nf6
40. Nf7+ Kg8 41. Nh6+ Kh8 42. Be4 Re2 43. Kd3 Rxe4 44. Rxe4 Nxe4 45. Kxe4 Kg7
46. Ng4 Kf7 47. Kd5 g5 48. Kxd6 Kg6 49. Ke6 h3 50. c4 Kh5 51. Kf5 Kh4 52. c5
Kg3 53. c6 h2 54. Nxh2 Kxh2 55. Kxg5 1-0

[Event "DVM U12 2012"]
[Site "Verden/Aller GER"]
[Date "2012.12.29"]
[Round "5"]
[White "Hesse, Henrik"]
[Black "Oezdemir, Edwin-Daniel"]
[Result "0-1"]
[Termination "normal"]
[Board "3.2"]
[WhiteElo "1511"]
[BlackElo "1243"]
[WhiteTeam "SG Grün-Weiß Baumschulenweg"]
[BlackTeam "Schachfreunde Gerresheim 86"]
[WhiteFideId "12952060"]
[BlackFideId "12919055"]
[EventCountry "GER"]
[EventRounds "7"]
[EventType "team-swiss"]
[EventDate "2012.12.26"]

1. e4 e5 2. Nf3 Nf6 3. Nxe5 d6 4. Nf3 Nxe4 5. d4 d5 6. Bd3 Nc6 7. Nbd2 Bg4 8.
c3 Be7 9. Nxe4 dxe4 10. Bxe4 f5 11. Bd3 O-O 12. Be2 Kh8 13. Bf4 Bd6 14. Bxd6
Qxd6 15. O-O Qg6 16. Nh4 Qh5 17. f3 Qxh4 18. g3 Qg5 19. fxg4 Rae8 20. Rf3 Qxg4
21. Re3 Qg5 22. Rxe8 Rxe8 23. Kf1 Qe3 24. Qd3 Qxd3 25. Bxd3 g6 26. Bb5 a6 27.
Bxc6 bxc6 28. Re1 Rxe1+ 29. Kxe1 Kg7 30. Ke2 Kf6 31. Kf3 g5 32. b3 Ke6 33. h4
h6 34. c4 Kd6 35. Ke3 c5 36. d5 c6 37. dxc6 Kxc6 38. a3 a5 39. a4 Kd6 40. Kd3
Ke5 41. Ke3 f4+ 42. gxf4+ gxf4+ 43. Kf3 Kf5 44. h5 Kg5 45. b4 axb4 46. a5 b3
0-1

[Event "DVM U12 2012"]
[Site "Verden/Aller GER"]
[Date "2012.12.29"]
[Round "5"]
[White "Zhuk, Margarita"]
[Black "Petersen, Marcel"]
[Result "0-1"]
[Termination "normal"]
[Board "3.3"]
[WhiteElo "1240"]
[BlackElo "1582"]
[WhiteTeam "Schachfreunde Gerresheim 86"]
[BlackTeam "SG Grün-Weiß Baumschulenweg"]
[BlackFideId "12935670"]
[EventCountry "GER"]
[EventRounds "7"]
[EventType "team-swiss"]
[EventDate "2012.12.26"]

1. e4 e5 2. Nf3 Nc6 3. Bb5 d6 4. O-O Bg4 5. c3 d5 6. Re1 d4 7. d3 Bc5 8. c4 Bb4
9. Bd2 Bxd2 10. Nbxd2 Nge7 11. Qc1 O-O 12. a3 Na5 13. b4 Bxf3 14. bxa5 Bg4 15.
Nf1 Ng6 16. Ng3 Nf4 17. Qd2 Qg5 18. Kh1 c6 19. Ba4 Rae8 20. Bd1 h5 21. Rg1 Nh3
22. Qe1 Nxg1 23. Kxg1 h4 24. Bxg4 hxg3 25. Bh3 gxh2+ 26. Kxh2 g6 27. Rb1 Rb8
28. Qc1 Qxc1 29. Rxc1 f5 30. f3 fxe4 31. fxe4 Rf2 32. Rh1 Rd2 33. Kg1 Rxd3 34.
a4 Ra3 35. Kf2 Rxa4 36. Be6+ Kg7 37. Rc1 Rxa5 38. Kf3 Rf8+ 39. Ke2 Ra2+ 0-1